Letter Pyramid - African Capitals Quiz Stats

 Plays Quiz Updated May 18, 2020

Support Sporcle.
Go Orange.
Score 0/225 Timer 01:30
2 Plays Today
% Correct
XXXXXXXXXXXX
99.7%
XXXXXXXXXXXX
99.3%
XXXXXXXXXXXX
99.3%
XXXXXXXXXXXX
99.3%
XXXXXXXXXXXX
99.3%
XXXXXXXXXXXX
99.3%
XXXXXXXXXXXX
99.3%
XXXXXXXXXXXX
99.3%
XXXXXXXXXXXX
99.3%
Cairo
81.6%
Cairo
81.6%
Cairo
81.6%
Cairo
81.6%
Cairo
81.6%
Cairo
81.6%
Cairo
81.6%
Cairo
81.6%
Cairo
81.6%
Cairo
81.6%
Cairo
81.6%
Cairo
81.6%
Cairo
81.6%
Cairo
81.6%
Cairo
81.6%
Windhoek
78.4%
Windhoek
78.4%
Windhoek
78.4%
Windhoek
78.4%
Windhoek
78.4%
Windhoek
78.4%
Windhoek
78.4%
Windhoek
78.4%
Windhoek
78.4%
Windhoek
78.4%
Windhoek
78.4%
Windhoek
78.4%
Windhoek
78.4%
Windhoek
78.4%
Windhoek
78.4%
Windhoek
78.4%
Windhoek
78.4%
Windhoek
78.4%
Windhoek
78.4%
Windhoek
78.4%
Windhoek
78.4%
Windhoek
78.4%
Windhoek
78.4%
Windhoek
78.4%
Algiers
73.1%
Algiers
73.1%
Algiers
73.1%
Algiers
73.1%
Algiers
73.1%
Algiers
73.1%
Algiers
73.1%
Algiers
73.1%
Algiers
73.1%
Algiers
73.1%
Algiers
73.1%
Algiers
73.1%
Algiers
73.1%
Algiers
73.1%
Algiers
73.1%
Algiers
73.1%
Algiers
73.1%
Algiers
73.1%
Algiers
73.1%
Algiers
73.1%
Algiers
73.1%
Dodoma
61.3%
Dodoma
61.3%
Dodoma
61.3%
Dodoma
61.3%
Dodoma
61.3%
Dodoma
61.3%
% Correct
Dodoma
61.3%
Dodoma
61.3%
Dodoma
61.3%
Dodoma
61.3%
Dodoma
61.3%
Dodoma
61.3%
Dodoma
61.3%
Dodoma
61.3%
Dodoma
61.3%
Dodoma
61.3%
Dodoma
61.3%
Dodoma
61.3%
Juba
54.4%
Juba
54.4%
Juba
54.4%
Juba
54.4%
Juba
54.4%
Juba
54.4%
Juba
54.4%
Juba
54.4%
Juba
54.4%
Juba
54.4%
Juba
54.4%
Juba
54.4%
Libreville
49.5%
Libreville
49.5%
Libreville
49.5%
Libreville
49.5%
Libreville
49.5%
Libreville
49.5%
Libreville
49.5%
Libreville
49.5%
Libreville
49.5%
Libreville
49.5%
Libreville
49.5%
Libreville
49.5%
Libreville
49.5%
Libreville
49.5%
Libreville
49.5%
Libreville
49.5%
Libreville
49.5%
Libreville
49.5%
Libreville
49.5%
Libreville
49.5%
Libreville
49.5%
Libreville
49.5%
Libreville
49.5%
Libreville
49.5%
Libreville
49.5%
Libreville
49.5%
Libreville
49.5%
Libreville
49.5%
Libreville
49.5%
Libreville
49.5%
Yamoussoukro
48.8%
Yamoussoukro
48.8%
Yamoussoukro
48.8%
Yamoussoukro
48.8%
Yamoussoukro
48.8%
Yamoussoukro
48.8%
Yamoussoukro
48.8%
Yamoussoukro
48.8%
Yamoussoukro
48.8%
Yamoussoukro
48.8%
Yamoussoukro
48.8%
Yamoussoukro
48.8%
Yamoussoukro
48.8%
Yamoussoukro
48.8%
Yamoussoukro
48.8%
Yamoussoukro
48.8%
Yamoussoukro
48.8%
Yamoussoukro
48.8%
Yamoussoukro
48.8%
Yamoussoukro
48.8%
Yamoussoukro
48.8%
% Correct
Yamoussoukro
48.8%
Yamoussoukro
48.8%
Yamoussoukro
48.8%
Yamoussoukro
48.8%
Yamoussoukro
48.8%
Yamoussoukro
48.8%
Yamoussoukro
48.8%
Yamoussoukro
48.8%
Yamoussoukro
48.8%
Yamoussoukro
48.8%
Yamoussoukro
48.8%
Yamoussoukro
48.8%
Yamoussoukro
48.8%
Yamoussoukro
48.8%
Yamoussoukro
48.8%
Ouagadougou
42.9%
Ouagadougou
42.9%
Ouagadougou
42.9%
Ouagadougou
42.9%
Ouagadougou
42.9%
Ouagadougou
42.9%
Ouagadougou
42.9%
Ouagadougou
42.9%
Ouagadougou
42.9%
Ouagadougou
42.9%
Ouagadougou
42.9%
Ouagadougou
42.9%
Ouagadougou
42.9%
Ouagadougou
42.9%
Ouagadougou
42.9%
Ouagadougou
42.9%
Ouagadougou
42.9%
Ouagadougou
42.9%
Ouagadougou
42.9%
Ouagadougou
42.9%
Ouagadougou
42.9%
Ouagadougou
42.9%
Ouagadougou
42.9%
Ouagadougou
42.9%
Ouagadougou
42.9%
Ouagadougou
42.9%
Ouagadougou
42.9%
Ouagadougou
42.9%
Ouagadougou
42.9%
Ouagadougou
42.9%
Ouagadougou
42.9%
Ouagadougou
42.9%
Ouagadougou
42.9%
Mogadishu
38.6%
Mogadishu
38.6%
Mogadishu
38.6%
Mogadishu
38.6%
Mogadishu
38.6%
Mogadishu
38.6%
Mogadishu
38.6%
Mogadishu
38.6%
Mogadishu
38.6%
Mogadishu
38.6%
Mogadishu
38.6%
Mogadishu
38.6%
Mogadishu
38.6%
Mogadishu
38.6%
Mogadishu
38.6%
Mogadishu
38.6%
Mogadishu
38.6%
Mogadishu
38.6%
Mogadishu
38.6%
Mogadishu
38.6%
Mogadishu
38.6%
Mogadishu
38.6%
Mogadishu
38.6%
Mogadishu
38.6%
Mogadishu
38.6%
Mogadishu
38.6%
Mogadishu
38.6%

You're not logged in!

Compare scores with friends on all Sporcle quizzes.
OR
Log In

From the Vault

Over/Under: Television

by Hejman

What are you doing under that television?
Remove Ads.
Support Sporcle.
Get the best of Sporcle when you Go Orange. This ad-free experience offers more features, more stats, and more fun while also helping to support Sporcle. Thank you for becoming a member.

Show Comments

Extras

Top Quizzes Today


Score Distribution

Your Account Isn't Verified!

In order to create a playlist on Sporcle, you need to verify the email address you used during registration. Go to your Sporcle Settings to finish the process.

Report this User

Report this user for behavior that violates our Community Guidelines.

Details: